Saw, Halloween ou Destination Finale ? - Statistiques

Statistiques générales
  • Ce quiz a été pris 178 fois
  • Le résultat moyen est 33 sur 100
Statistiques - réponses
Hint Réponse % Correct
Michael Myers HALLOWEEN
91%
Alex Browning DESTINATION FINALE
88%
John Kramer SAW
84%
Amanda Young SAW
70%
Claire Rivers DESTINATION FINALE
68%
William Bludworth (Le Croque-Mort) DESTINATION FINALE
61%
Laurie Strode HALLOWEEN
59%
Lawrence Gordon SAW
57%
Carter Horton DESTINATION FINALE
55%
Daniel Matthews SAW
51%
Mark Hoffman SAW
49%
Terry Chaney DESTINATION FINALE
48%
Adam Stanheight SAW
47%
Billy Hitchcock DESTINATION FINALE
44%
Dr Sam Loomis HALLOWEEN
44%
David Tapp SAW
44%
Eric Matthews SAW
44%
Kimberly Corman DESTINATION FINALE
43%
Valérie Lewton DESTINATION FINALE
41%
Tim Carpenter DESTINATION FINALE
41%
Kat Jennings DESTINATION FINALE
40%
Tod Waggner DESTINATION FINALE
39%
Rory Peters DESTINATION FINALE
39%
Wendy Christensen DESTINATION FINALE
39%
Daniel Rigg SAW
39%
Lindsey Wallace HALLOWEEN
38%
Zep Hindle SAW
38%
Thomas Burke DESTINATION FINALE
37%
Julie Christensen DESTINATION FINALE
36%
Tommy Doyle HALLOWEEN
36%
Jill Tuck SAW
36%
Nora Carpenter DESTINATION FINALE
35%
Peter Strahm SAW
35%
Erin Ulmer DESTINATION FINALE
34%
Lewis Romero DESTINATION FINALE
34%
Marion Chambers HALLOWEEN
34%
Annie Brackett HALLOWEEN
34%
Jeff Denlon SAW
34%
Eugène Dix DESTINATION FINALE
33%
Ian McKinley DESTINATION FINALE
33%
Ashley Freund DESTINATION FINALE
33%
Ashlyn Halperin DESTINATION FINALE
33%
Leigh Brackett HALLOWEEN
33%
Linsday Perez SAW
33%
Sam Lawton DESTINATION FINALE
32%
Lynn Denlon SAW
32%
Jonathan Groves DESTINATION FINALE
31%
Carter Daniels DESTINATION FINALE
31%
Isaac Palmer DESTINATION FINALE
31%
Allison Kerry SAW
31%
Kevin Fischer DESTINATION FINALE
30%
Perry Malinowski DESTINATION FINALE
30%
Frankie Cheeks DESTINATION FINALE
30%
Jamie Lloyd HALLOWEEN
30%
Molly Harper DESTINATION FINALE
29%
Olivia Castle DESTINATION FINALE
29%
Evan Lewis DESTINATION FINALE
28%
Hunt Wynorski DESTINATION FINALE
28%
Nathan Sears DESTINATION FINALE
28%
Andy Kewzer DESTINATION FINALE
27%
Nadia Monroy DESTINATION FINALE
27%
Rachel Carruthers HALLOWEEN
27%
Karen Strode HALLOWEEN
27%
Lori Milligan DESTINATION FINALE
26%
George Lanter DESTINATION FINALE
26%
Dennis Lapman DESTINATION FINALE
26%
Candice Hooper DESTINATION FINALE
26%
Janet Cunningham DESTINATION FINALE
25%
Peter Friedkin DESTINATION FINALE
25%
Allyson Strode HALLOWEEN
25%
Nick O'Bannon DESTINATION FINALE
24%
Ben Meeker HALLOWEEN
24%
Danny Strode HALLOWEEN
23%
Samantha Lane DESTINATION FINALE
22%
Adam Heffner SAW
22%
Buddy Kupfer HALLOWEEN
21%
Bobby Dagen SAW
20%
John Tate HALLOWEEN
19%
Starker, le clochard HALLOWEEN
19%
Ronny Jones HALLOWEEN
19%
Pamela Jenkins SAW
19%
Ezekiel Banks SAW
19%
Cecilia Pederson SAW
19%
Terrence Wynn HALLOWEEN
18%
Kara Strode HALLOWEEN
18%
Ellie Grimbridge HALLOWEEN
18%
William Schenk SAW
18%
Daniel Challis HALLOWEEN
17%
Dan Erickson SAW
16%
William Easton SAW
16%
Brad Halloran SAW
16%
Eleanor Bonneville SAW
16%
Angie Garza SAW
16%
Logan Nelson SAW
15%
Conal Cochran HALLOWEEN
14%
Charlie Deveraux HALLOWEEN
14%
Marcus Banks SAW
14%
Cameron Elam HALLOWEEN
13%
Frank Hawkins HALLOWEEN
12%
Keith Hunt SAW
9%
Aucun quiz correspondant
Distribution des résultats
% des personnes avec chaque résultat
Percentile par nombre de réponses
Votre historique - résultats
Vous n’avez pas pris ce quiz